Vancouver City Trivia - Statistics

General Stats
  • This quiz has been taken 1,529 times
  • The average score is 12 of 20
Answer Stats
Hint Answer % Correct
Event hosted by Vancouver in 2010 Winter Olympics
97%
Name of the NHL team of Vancouver Vancouver Canucks
86%
Vancouver-native who plays as "Deadpool" Ryan Reynolds
79%
Nickname of Vancouver - due to the film production {Hollywood} North
76%
Name one of the three most-spoken non-English languages of Vancouver Cantonese | Mandarin | Punjabi
71%
Vancouver is also the name of British Columbia's largest ... Island
71%
Park connected to West Vancouver via Lions Gate Bridge {Stanley} Park
65%
Airport code of the Vancouver International Airport YVR
62%
Second most populous city in Greater Vancouver Surrey
61%
Suburb in which the above is located Richmond
59%
Vancouver has the highest quality of this in the Americas - according to Mercer Life
58%
River on which Vancouver sits Fraser River
57%
Sports event hosted in 1954 hint: originally known as British Empire Games Commonwealth Games
49%
Explorer after whom Vancouver is named {George} Vancouver
49%
Environmental organisation that was founded in Vancouver in 1969 Greenpeace
48%
Famous suspension bridge in North Vancouver Capilano
47%
Comedian who starred in "Superbad" and "The Interview" Seth Rogen
45%
Body of water on which Vancouver is located Strait of {Georgia}
39%
Original name of Vancouver {Gas}town
33%
Highway that connects Vancouver to Seattle Interstate 5
25%
No matching quizzes found
Score Distribution
Percent of People with Each Score
Percentile by Number Answered
Your Score History
You have not taken this quiz